| 000 | 01131cam a22001934a 4500 | ||
|---|---|---|---|
| 005 | 20250605164150.0 | ||
| 008 | 250528s ||||||||||||||||||||||||d | ||
| 035 | _a19360 | ||
| 040 |
_aGR-AtMCL _bgre _dGR-AtMCL _eAACR2 |
||
| 245 | 1 | _aFriedrich Nietzsche / Η Τραγική Ζωή Μιας Μεγαλοφυΐας | |
| 260 |
_bΝεφέλη, _c2005 |
||
| 300 | _a640 | ||
| 520 | _aΣημείωμα της Επιμελήτριας, Χρονολογικός Πίνακας, Εισαγωγή, Φρίτς, Πφόρτα, Φοιτητής Πανεπιστημίου, Στρατιώτης και Ξανά Φοιτητής, Ο Βάγκνερ και η Γέννηση της Τραγωδίας, Το Ανώτατο Δικαστήριο, Μεταστροφή, Μεσογειακή Ροδαυγή, Λου Σαλομέ, Ζαρατούστρα, Επαναστατικές Επανεκτιμήσεις, Αυτοάρνηση και Αυτοαποδοχή, Βιβλιογραφία, Ευρετήριο. | ||
| 700 | 1 |
_aHayman Ronald _95609 |
|
| 700 | 1 |
_aΜιρασγέζη Αθηνά Δ _95610 |
|
| 942 | _cBK | ||
| 999 |
_c4616 _d4616 |
||